| 000 | 00485 a2200169 4500 | ||
|---|---|---|---|
| 003 | OSt | ||
| 005 | 20231027154621.0 | ||
| 008 | 231027b |||||||| |||| 00| 0 eng d | ||
| 020 | _a8126414332 | ||
| 040 | _coclc | ||
| 082 |
_a894.8122 _bNAI/S |
||
| 100 |
_aNair, C N Sreekantan _98112 |
||
| 245 |
_a SAKETHAM / _cC N Sreekantan Nair |
||
| 260 |
_aKottayam: _bD C Books, _c2021. |
||
| 300 |
_a60 p _c21 cm |
||
| 942 |
_2ddc _cBK _h894.8122 _iNAI/S _k894.8122 _mNAI/S |
||
| 999 |
_c42934 _d42934 |
||